000 00569nam a22001937i 4500
001 3518
003 OSt
005 20170126082319.0
007 tu
008 161220s1997 xxu||||| |||| 00| 0 d
024 7 _a3517
_2RID
040 _cOSt
084 _a11.43
_a11.44
_a11.46
_2z
100 1 _aBorrmann, Axel
245 0 0 _aInterregionale Integration von Industrie- und Entwicklungsländern - Erfolgsbedingungen und Perspektiven
260 _aHamburg :
_bHWWA-Institut für Wirtschaftsforschung,Hamburg,
_c1997.
300 _a50 S. ;
_c30cm.
490 _aHWWA-Diskussionspapier
_v45
942 _cB
999 _c3468
_d3468